000 01150nam a22002417a 4500
005 20100312095056.0
008 100312t xxu||||| |||| 00| 0 hin d
010 _aHIN-89104
020 _c300.00
_a9788188540785
035 _aHN-61450
037 _bDBAD / PUB
040 _aDPL
_bHN
082 _a158.1
100 _aराकेश 'चक्र'
_917319
245 _aसपनों को साकार करेंगे /
_cराकेश 'चक्र'
246 _aSapno ko sakar krenge
_bby Rakesh Chkar
260 _aदिल्ली
_bआर.के.पब्लिशर्स एंड डिस्ट्री
_c2009
270 _aएल-45, गली न.5, शिवाजी मार्ग, करतार नगर
_bदिल्ली
_e110053
300 _a191पृ
_c22सेमी (सजिल्द)
650 _aमनोविज्ञान,व्यक्तिक विश्लेषण
_917320
942 _2ddc
_cHN
_mराकेश
999 _c34606
_d34606